Schätze der Region Vysočina : Kostbarkeiten aus den Sammlungen der Museen und Galerien des Hochlandes /

Korporativní autor: Kraj Vysočina (Česko : 2000-)
Další autoři: Malý, Karel, 1970-
Jazyk: Němčina
Vydáno: Havlíčkův Brod : Museum der region Vysočina in Havlíčkův Brod, [2014]
Témata:
Fyzický popis: 172 s. : il. (některé barev.), portréty, faksim. ; 22 cm
Knihy
Uloženo v:
LEADER 02200nam a2200553 a 4500
001 nkc20142635868
003 CZ PrNK
005 20240422092437.0
007 ta
008 141031s2014 xr ach e 000 0 ger
015 |a cnb002635868 
020 |a 978-80-87302-28-6  |q (váz.) 
035 |a (OCoLC)904579023 
040 |a OLA001  |b cze 
041 1 |a ger  |h cze 
043 |a e-xr---  |b e-xr-vy  |2 czenas 
072 7 |a 069  |x Muzea. Muzeologie. Muzejnictví. Výstavy  |2 Konspekt  |9 12 
080 |a 069.5  |2 MRF 
080 |a 069.4  |2 MRF 
080 |a 72/76:069  |2 MRF 
080 |a (437.324)  |2 MRF 
080 |a (048.8)  |2 MRF 
080 |a (084.11)  |2 MRF 
245 0 0 |a Schätze der Region Vysočina :  |b Kostbarkeiten aus den Sammlungen der Museen und Galerien des Hochlandes /  |c [AutorInnen [sic] der Texte Karel Malý ... et al. ; Übersetzung Marie Maliňáková] 
260 |a Havlíčkův Brod :  |b Museum der region Vysočina in Havlíčkův Brod,  |c [2014] 
300 |a 172 s. :  |b il. (některé barev.), portréty, faksim. ;  |c 22 cm 
500 |a Přeloženo z češtiny 
500 |a Pod názvem: Region Vysočina, Museen und Galerien der Region Vysočina 2014-2015 
500 |a 700 výt. 
650 0 7 |a muzejní sbírky  |7 ph137908  |z Česko  |2 czenas 
650 0 7 |a muzejní depozitáře  |7 ph790189  |z Česko  |2 czenas 
650 0 7 |a stálé expozice  |7 ph854721  |z Česko  |2 czenas 
650 0 9 |a museum collections  |z Czechia  |2 eczenas 
650 0 9 |a museum collection storage  |z Czechia  |2 eczenas 
650 0 9 |a permanent exhibitions  |z Czechia  |2 eczenas 
651 7 |a Kraj Vysočina (Česko : 2000-)  |7 ge138178  |2 czenas 
651 9 |a Kraj Vysočina (Czechia : 2000-)  |2 eczenas 
655 7 |a přehledy  |7 fd133202  |2 czenas 
655 7 |a obrazové publikace  |7 fd132947  |2 czenas 
655 9 |a surveys  |2 eczenas 
655 9 |a pictorial works  |2 eczenas 
700 1 |a Malý, Karel,  |d 1970-  |7 ola2002110386  |4 aut 
710 1 |a Kraj Vysočina (Česko : 2000-)  |7 ge138178 
910 2 |a BOA001  |b 2-1338.370 
928 9 |a Muzeum Vysočiny Havlíčkův Brod 
990 |a BK 
995 |a 01 
991 |b 201502  |c NOV  |e n 
996 6 |b 2610617958  |c 2-1338.370  |l MZK  |r Sklad / do 1 hodiny  |n 0  |p p.v.  |w 001481887  |u 000010  |a 1  |e BOA001  |j MZK50  |s P